La Hacienda de las Ordenes Militares castellanas durante el reinado de Felipe IV/ (Record no. 69684)

MARC details
000 -LEADER
campo de control de longitud fija 01950agm a2200469 i 4500
001 - NÚMERO DE CONTROL
campo de control MOR01000069977
005 - FECHA Y HORA DE LA ÚLTIMA TRANSACCIÓN
campo de control 20260331135309.0
007 - CAMPO FIJO DE DESCRIPCIÓN FÍSICA--INFORMACIÓN GENERAL
campo de control de longitud fija heraha bbcd
008 - DATOS DE LONGITUD FIJA--INFORMACIÓN GENERAL
campo de control de longitud fija 010427r19901988sp g is 000 0 spa d
020 ## - NÚMERO INTERNACIONAL ESTÁNDAR DEL LIBRO
Número Internacional Estándar del Libro 84-7477-253-2
035 ## - NÚMERO DE CONTROL DEL SISTEMA
Número de control de sistema 011206
040 ## - FUENTE DE CATALOGACIÓN
Centro catalogador/agencia de origen mxcmmo
Lengua de catalogación spa
Normas de descripción rda
Centro/agencia transcriptor mxcmmo
041 0# - CÓDIGO DE IDIOMA
Código de lengua del texto/banda sonora o título independiente spaeng
043 ## - CÓDIGO DE ÁREA GEOGRÁFICA
Código de área geográfica e-sp---
045 ## - PERIODO DE TIEMPO DEL CONTENIDO
Código de periodo de tiempo u2u6
082 04 - NÚMERO DE LA CLASIFICACIÓN DECIMAL DEWEY
Número de clasificación 255.79
Número de ítem LOP.h
100 1# - ENTRADA PRINCIPAL--NOMBRE DE PERSONA
Nombre de persona López González, Clemente
Término indicativo de función/relación autor
9 (RLIN) 122938
245 13 - MENCIÓN DEL TÍTULO
Título La Hacienda de las Ordenes Militares castellanas durante el reinado de Felipe IV/
Mención de responsabilidad, etc. Clemente López González
264 ## - PRODUCCIÓN, PUBLICACIÓN, DISTRIBUCIÓN, FABRICACIÓN Y COPYRIGHT
Nombre del de productor, editor, distribuidor, fabricante Micropublicaciones,
Fecha de producción, publicación, distribución, fabricación o copyright 1990.
264 #1 - PRODUCCIÓN, PUBLICACIÓN, DISTRIBUCIÓN, FABRICACIÓN Y COPYRIGHT
Producción, publicación, distribución, fabricación y copyright Madrid :
Nombre del de productor, editor, distribuidor, fabricante Universidad Autónoma de Madrid, Facultad de Filosofía y Letras, Departamento de Historia Moderna,
Fecha de producción, publicación, distribución, fabricación o copyright 1990.
300 ## - DESCRIPCIÓN FÍSICA
Extensión 5 microfichas;
Dimensiones 11 x 15 cm
Material acompañante/anejo 1 folleto (10 páginas ; 18 cm)
336 ## - TIPO DE CONTENIDO
Término de tipo de contenido imagen móvil bidimensional
Código de tipo de contenido tdi
Fuente rdacontent
337 ## - TIPO DE MEDIO
Nombre/término del tipo de medio microforma
Código del tipo de medio h
Fuente rdamedia
338 ## - TIPO DE SOPORTE
Nombre/término del tipo de soporte microficha
Código del tipo de soporte he
Fuente rdacarrier
502 ## - NOTA DE TESIS
Nota de tesis Tesis (doctorado)--Universidad Autónoma de Madrid, Facultad de Filosofía y Letras, Historia Moderna
534 ## - NOTA SOBRE LA VERSIÓN ORIGINAL
Frase introductoria Reproducción de:
Publicación, distribución, etc. del original Madrid : C. López González, 1988
650 #7 - PUNTO DE ACCESO ADICIONAL DE MATERIA--TÉRMINO DE MATERIA
Término de materia o nombre geográfico como elemento de entrada Ordenes de caballeros y caballería
Subdivisión geográfica España
Subdivisión general Historia
9 (RLIN) 122939
650 #7 - PUNTO DE ACCESO ADICIONAL DE MATERIA--TÉRMINO DE MATERIA
Término de materia o nombre geográfico como elemento de entrada Ordenes religiosas militares
9 (RLIN) 78561
650 #7 - PUNTO DE ACCESO ADICIONAL DE MATERIA--TÉRMINO DE MATERIA
Término de materia o nombre geográfico como elemento de entrada Política fiscal
Subdivisión geográfica España
Subdivisión general Historia
9 (RLIN) 122898
700 1# - ENTRADA AGREGADA--NOMBRE PERSONAL
Nombre de persona Felipe IV
Títulos y otros términos asociados al nombre rey de España
Fechas asociadas al nombre 1605-1665
9 (RLIN) 12235
710 2# - ENTRADA AGREGADA--NOMBRE DE ENTIDAD CORPORATIVA
Nombre de entidad corporativa o nombre de jurisdicción como elemento de entrada Universidad Autonoma de Madrid
Unidad subordinada Facultad de Filosofia y Letras
-- Departamento de Historia Moderna
9 (RLIN) 122940
900 ## - ELEMENTOS DE DATOS A LOCAL, LDA (RLIN)
Nombre de persona ALEPH14
Numeración 10
Títulos y otros términos asociados al nombre 20061103
Lenguaje de la obra MOR01
-- 1052
900 ## - ELEMENTOS DE DATOS A LOCAL, LDA (RLIN)
Nombre de persona BATCH-UPD
Numeración 00
Títulos y otros términos asociados al nombre 20120323
Lenguaje de la obra MOR01
-- 1747
900 ## - ELEMENTOS DE DATOS A LOCAL, LDA (RLIN)
Nombre de persona BATCH-UPD
Numeración 10
Títulos y otros términos asociados al nombre 20120321
Lenguaje de la obra MOR01
-- 1710
900 ## - ELEMENTOS DE DATOS A LOCAL, LDA (RLIN)
Nombre de persona BATCH
Numeración 00
Títulos y otros términos asociados al nombre 20120322
Lenguaje de la obra MOR01
-- 1733
900 ## - ELEMENTOS DE DATOS A LOCAL, LDA (RLIN)
Nombre de persona DYNIX
Numeración 00
Títulos y otros términos asociados al nombre 20030304
Lenguaje de la obra MOR01
-- 1722
900 ## - ELEMENTOS DE DATOS A LOCAL, LDA (RLIN)
Nombre de persona MARC21
Numeración 40
Títulos y otros términos asociados al nombre 20140519
Lenguaje de la obra MOR01
-- 1408
900 ## - ELEMENTOS DE DATOS A LOCAL, LDA (RLIN)
Nombre de persona MARC21
Numeración 40
Títulos y otros términos asociados al nombre 20160311
Lenguaje de la obra MOR01
-- 1001
904 ## - ELEMENTOS DE DATOS D LOCAL, LDD (RLIN)
a UPDATE
942 ## - ELEMENTOS DE ENTRADA SECUNDARIOS (KOHA)
Código de la institución [OBSOLETO] VM
901 ## - ELEMENTOS DE DATOS A LOCAL LDA (RLIN)
a batch batch
Holdings
Estatus retirado Estado de pérdida Fuente del sistema de clasificación o colocación Estado de daño Restricciones de uso No para préstamo Colección Biblioteca de origen Biblioteca actual Ubicación en estantería Fecha de adquisición Fuente de adquisición Número de inventario Total de préstamos Signatura topográfica completa Código de barras Visto por última vez Precio de reemplazo Tipo de ítem Koha Nota pública
    Clasificación Decimal Dewey   En sala   Microfichas Biblioteca Instituto Mora Biblioteca Instituto Mora En sala 03/09/2024   95406   (IM)/255.79 LOP.h 33291000707063 03/09/2024 03/09/2024 Microficha REVISAR: SON 5 MICROFICHAS